000 00463cam a22001337a 4500
008 180718b1965 xxu||||| |||| 00| 0 eng d
082 _aA81x54 In2/61/15/PT5A/1
100 _aCensus of India 1961
245 _aUttar Pradesh: special tables for scheduled castes
260 _aDelhi
_bThe Manager of Publications
_c1965
300 _a520+p.
440 _aCensus of India 1961. Volume XV, Uttar Pradesh. Part V-A (i)
500 _aContents: Tables ST-1 Part A & SC-1)
999 _c484344
_d484344